[Event "GER-ch Net qual1 U25"]
[Site "Playchess.com INT"]
[Date "2011.05.01"]
[Round "1"]
[White "Adelhuette, Dennis"]
[Black "Siefert, Christopher"]
[Result "0-1"]
[WhiteElo "1697"]
[BlackElo "2374"]
[PlyCount "144"]
[EventDate "2011.05.01"]
[EventType "swiss (blitz)"]
[EventRounds "7"]
[EventCountry "GER"]
[SourceTitle "CBM 142 Extra"]
[Source "ChessBase"]
[SourceDate "2011.06.27"]
[SourceVersion "1"]
[SourceVersionDate "2011.06.27"]
[SourceQuality "1"]

1. e4 c5 2. Nf3 Nc6 3. c3 Nf6 4. e5 Nd5 5. d4 cxd4 6. cxd4 d6 7. Nc3 Nxc3 8. bxc3 Bg4 9. exd6 e6 10. Bf4 Bxd6 11. Bxd6 Qxd6 12. Be2 0-0 13. 0-0 Rac8 14. h3 Bh5 15. Rc1 Na5 16. Qa4 b6 17. Rfe1 Rc7 18. Nd2 Bxe2 19. Rxe2 Rfc8 20. Re3 h6 21. Rg3 Qd5 22. a3 Qa2 23. Ne4 Nc4 24. Qd1 Qxa3 25. Nf6+ Kh8 26. Nh5 g6 27. Ra1 Qe7 28. Qc1 Kh7 29. Nf4 Na5 30. Re3 Nb3 31. Qd1 Nxa1 32. Nd5 Qd8 33. Nxc7 Qxc7 34. Qxa1 a5 35. Rf3 Kg7 36. Qc1 a4 37. Qa3 b5 38. Re3 Qc4 39. Qe7 Qc7 40. Qa3 Qd7 41. Qb4 Rc4 42. Qa3 Qc7 43. g3 h5 44. Kg2 Qc6+ 45. Kh2 Qd5 46. Qb2 Rc6 47. Re5 Qb3 48. Qxb3 axb3 49. Rxb5 Rxc3 50. Kg2 Kf6 51. h4 Ke7 52. Rb7+ Ke8 53. Rb8+ Kd7 54. Rb7+ Kc6 55. Rxf7 b2 56. Rf8 b1Q 57. Rc8+ Kd5 58. Rxc3 Kxd4 59. Ra3 Qe4+ 60. Kh2 Ke5 61. Ra5+ Kf6 62. Ra3 e5 63. Re3 Qf5 64. Kg2 e4 65. Ra3 Qd5 66. Ra6+ Kf5 67. Kh2 Qd2 68. Kg2 e3 69. Ra8 Qxf2+ 70. Kh1 Kg4 71. Ra4+ Kh3 72. Ra2 Qf1# 0-1

[Event "GER-ch Net qual1 U25"]
[Site "Playchess.com INT"]
[Date "2011.05.01"]
[Round "4"]
[White "Siefert, Christopher"]
[Black "Grimberg, Boris"]
[Result "1-0"]
[WhiteElo "2374"]
[BlackElo "2464"]
[PlyCount "43"]
[EventDate "2011.05.01"]
[EventType "swiss (blitz)"]
[EventRounds "7"]
[EventCountry "GER"]
[SourceTitle "CBM 142 Extra"]
[Source "ChessBase"]
[SourceDate "2011.06.27"]
[SourceVersion "1"]
[SourceVersionDate "2011.06.27"]
[SourceQuality "1"]

1. c4 c6 2. Nc3 d5 3. e3 Nf6 4. Nf3 Bg4 5. cxd5 cxd5 6. Qb3 Qb6 7. Nxd5 Nxd5 8. Qxd5 Nc6 9. Bb5 e6 10. Qb3 a6 11. Ba4 Qc7 12. Qc2 b5 13. Nd4 Rc8 14. Qxc6+ Qxc6 15. Nxc6 bxa4 16. Ne5 Bf5 17. d4 Rc2 18. 0-0 f6 19. Nf3 Bb4 20. Rd1 Be4 21. Ne1 Rd2 22. Bxd2 1-0